000 01443nam a2200349 a 4500
001 ebr10425068
003 CaPaEBR
006 m u
007 cr cn|||||||||
008 100422s2010 caua sb 000 0 eng
010 _z 2010017395
020 _z9780833049544 (pbk. : alk. paper)
040 _aCaPaEBR
_cCaPaEBR
035 _a(OCoLC)676697625
043 _an-us---
050 1 4 _aU167.5.S68
_bD48 2010eb
082 0 4 _a355.4
_222
245 0 0 _aDeveloping an Army strategy for building partner capacity for stability operations
_h[electronic resource] /
_cJefferson P. Marquis ... [et al.].
260 _aSanta Monica, CA :
_bRAND Arroyo Center,
_cc2010.
300 _axxix, 234 p. :
_bill.
490 1 _aRand Corporation monograph series
500 _a"Prepared for the United States Army."
504 _aIncludes bibliographical references.
533 _aElectronic reproduction.
_bPalo Alto, Calif. :
_cebrary,
_d2013.
_nAvailable via World Wide Web.
_nAccess may be limited to ebrary affiliated libraries.
610 1 0 _aUnited States.
_bArmy
_xStability operations.
650 0 _aIntegrated operations (Military science)
655 7 _aElectronic books.
_2local
700 1 _aMarquis, Jefferson P.
710 2 _aebrary, Inc.
830 0 _aRand Corporation monograph series.
856 4 0 _uhttp://site.ebrary.com/lib/rucke/Doc?id=10425068
_zAn electronic book accessible through the World Wide Web; click to view
999 _c142679
_d142679